Biblioteca y Centro de Documentación

La protección del consumidor en la etapa anterior a la celebración del contrato (Registro nro. 37643)

Detalles MARC
000 -CABECERA
Longitud fija campo de control 01038naa a2200289 c 4500
001 - NÚMERO DE CONTROL
Número de control 37643
003 - IDENTIFICADOR DE NÚMERO DE CONTROL
Identificador del número de control ES-MaCES
005 - FECHA Y HORA DE LA ÚLTIMA TRANSACCIÓN
Fecha y hora de la última transacción 20150925133839.0
008 - CAMPO FIJO DE DESCRIPCIÓN FIJA--INFORMACIÓN GENERAL
Códigos de información de longitud fija   070322n2006 sp t ||0 | spa d
035 ## - NÚMERO DE CONTROL DEL SISTEMA
Número de control del sistema CES20070001618v
040 ## - FUENTE DE CATALOGACIÓN
Centro catalogador de origen ES-MaCES
Lengua de catalogación spa
Centro transcriptor ES-MaCES
100 1# - ENCABEZAMIENTO PRINCIPAL--NOMBRE PERSONAL
Nombre de persona Miranda Serrano, Luis M.
9 (RLIN) 18699
245 13 - MENCIÓN DE TÍTULO
Título La protección del consumidor en la etapa anterior a la celebración del contrato
Resto del título : aspectos concurrentes y negociables
Mención de responsabilidad, etc. Luis M. Miranda Serrano
500 ## - NOTA GENERAL
Nota general Resumen en español e inglés
504 ## - NOTA DE BIBLIOGRAFÍA, ETC.
Nota de bibliografía, etc. Bibliografía: p. 74-76
650 #4 - ASIENTO SECUNDARIO DE MATERIA--TÉRMINO DE MATERIA
Término de materia o nombre geográfico como elemento inicial España
9 (RLIN) 26964
650 #4 - ASIENTO SECUNDARIO DE MATERIA--TÉRMINO DE MATERIA
Término de materia o nombre geográfico como elemento inicial contratación
9 (RLIN) 28323
650 #4 - ASIENTO SECUNDARIO DE MATERIA--TÉRMINO DE MATERIA
Término de materia o nombre geográfico como elemento inicial derecho público
9 (RLIN) 27169
650 #4 - ASIENTO SECUNDARIO DE MATERIA--TÉRMINO DE MATERIA
Término de materia o nombre geográfico como elemento inicial protección del consumidor
9 (RLIN) 29407
650 #4 - ASIENTO SECUNDARIO DE MATERIA--TÉRMINO DE MATERIA
Término de materia o nombre geográfico como elemento inicial consumidor
9 (RLIN) 27902
653 10 - TÉRMINO DE INDEXACIÓN--NO CONTROLADO
Término no controlado Consumo
650 #4 - ASIENTO SECUNDARIO DE MATERIA--TÉRMINO DE MATERIA
9 (RLIN) 27897
Término de materia o nombre geográfico como elemento inicial competencia
773 0# - ENTRADA DE DOCUMENTO FUENTE
Título Estudios sobre consumo
Parte(s) relacionada(s) año 19, n. 77 (2006){10419 R. 066018}; p. 61-76
Número de control del registro relacionado (ES-MaCES)25429
Itemnumber del ítem fuente 57310
902 ## - CES. TIPO DE DOCUMENTO
Tipodoc (006$c Sirtex) ART Artículo de revista
942 ## - ELEMENTOS KOHA
Fuente de clasificaión o esquema Clasificación propia del CES
Koha [por defecto] tipo de item Artículos (1982-2017)
Parte de clasificación 3.2.

No hay ítems disponibles.

© CES, Consejo Económico y Social de España 2021